| Tag |
First Indicator |
Second Indicator |
Subfields |
| LEADER |
00000cam a2200000Ia 4500 |
| 001 |
in00002108421 |
| 005 |
20151102180616.0 |
| 008 |
051209s2005 ii a b 001 0 eng d |
| 020 |
|
|
|a 019567524X
|
| 024 |
3 |
|
|a 9780195675245
|
| 035 |
|
|
|a (OCoLC)ocm62521058
|
| 040 |
|
|
|a BNG
|c BNG
|d UtOrBLW
|
| 049 |
|
|
|a TXAM
|
| 090 |
|
|
|a HD75
|b .D37 2005
|
| 100 |
1 |
|
|a Dasgupta, Dipankar.
|
| 245 |
1 |
0 |
|a Growth theory :
|b Solow and his modern exponents /
|c Dipankar Dasgupta.
|
| 264 |
|
1 |
|a New Delhi ;
|a New York :
|b Oxford University Press,
|c 2005.
|
| 300 |
|
|
|a xvii, 284 pages :
|b illustrations ;
|c 23 cm.
|
| 336 |
|
|
|a text
|b txt
|2 rdacontent
|
| 337 |
|
|
|a unmediated
|b n
|2 rdamedia
|
| 338 |
|
|
|a volume
|b nc
|2 rdacarrier
|
| 504 |
|
|
|a Includes bibliographical references (pages [264]-271) and index.
|
| 650 |
|
0 |
|a Solow growth model.
|
| 650 |
|
0 |
|a Economic development
|x Mathematical models.
|
| 945 |
|
|
|i PromptCat
|
| 946 |
|
|
|a west,stk
|
| 947 |
|
|
|a A14833179843
|
| 948 |
|
|
|a cataloged
|b h
|c 2006/1/19
|d c
|e bwalker
|f 3:11:39 pm
|
| 994 |
|
|
|a 92
|b TXA
|
| 999 |
|
|
|a MARS
|
| 999 |
f |
f |
|s 0343a6fe-6834-3b3f-a2b1-ccef78918ac0
|i 4eb3fa39-89c6-3d22-ae24-535da96111e1
|t 0
|
| 952 |
f |
f |
|p ric
|a Texas A&M University
|b Rellis Campus
|c Joint Library Facility
|d Remote Storage
|t 0
|e HD75 .D37 2005
|h Library of Congress classification
|i unmediated -- volume
|m A14833179843
|
| 998 |
f |
f |
|a HD75 .D37 2005
|t 0
|l Remote Storage
|